Name the words that start with the letter Q - Statistics

General Stats
  • This quiz has been taken 8 times
  • The average score is 11 of 49
Answer Stats
Answer % Correct
Quick
88%
Queer
75%
Quit
75%
Queen
63%
Quest
63%
Question
63%
Quill
63%
Quote
63%
Quite
50%
Quiz
50%
Quantity
38%
Queue
38%
Quickly
38%
Quiet
38%
Quack
25%
Quail
25%
Qualify
25%
Quality
25%
Quarter
25%
Quint
25%
Quotation
25%
Quintessential
13%
Quadruple
13%
Qualification
13%
Quantum
13%
Quarterly
13%
Quench
13%
Quizzle
13%
Quadrilateral
0%
Quadruplet
0%
Quadruplicate
0%
Qualitative
0%
Qualitatively
0%
Qualm
0%
Qualmish
0%
Quandary
0%
Quander
0%
Quantification
0%
Quantitative
0%
Quantitatively
0%
Questionable
0%
Questionably
0%
Questionnaire
0%
Quibble
0%
Quietness
0%
Quintessence
0%
Quintuplet
0%
Quizzable
0%
Quotable
0%
No matching quizzes found
Score Distribution
Percent of People with Each Score
Percentile by Number Answered
Your Score History
You have not taken this quiz